Score 0/20 Timer 05:00
0 Plays Today
Scrambled Unscrambled % Correct
CAM or CPMac or PC
97.8%
SHI or SHERHis or Hers
97.2%
THI or SIMSHit or Miss
95.2%
VEGI or KATEGive or Take
93.5%
ROME or SELSMore or Less
93.1%
RUTE or SLEAFTrue or False
92.5%
KINS or WIMSSink or Swim
90.9%
KEAM or KEARBMake or Break
90.3%
ECKO or SIPPECoke or Pepsi
89.5%
KRICT or RETTATrick or Treat
88.2%
Scrambled Unscrambled % Correct
DADE or VAILEDead or Alive
86%
SHAC or TIRCEDCash or Credit
83.2%
RINGEG or YARM NANGinger or Mary Ann
79.6%
GRITH or GROWNRight or Wrong
72.1%
PREAP or CALSTIPPaper or Plastic
71.5%
RONOES or RATLESooner or Later
70.3%
SHADE or SLIATHeads or Tails
68.6%
DEMRARI or GLISENMarried or Single
61.6%
BLUDOE or THINGONDouble or Nothing
61.4%
NRAECPIULB or TDAERMCORepublican or Democrat
33.7%
Remove Ads.
Support Sporcle.
Get the best of Sporcle when you Go Orange. This ad-free experience offers more features, more stats, and more fun while also helping to support Sporcle. Thank you for becoming a member.

You're not logged in!

Compare scores with friends on all Sporcle quizzes.
OR
Log In

Show Comments

Extras

Top Quizzes Today


Score Distribution

Your Account Isn't Verified!

In order to create a playlist on Sporcle, you need to verify the email address you used during registration. Go to your Sporcle Settings to finish the process.

Report this User

Report this user for behavior that violates our Community Guidelines.

Details: